000 01972nim a2200421 i 4500
001 197298
003 ES-MaACL
005 20250828062619.0
007 ss lsnjlcipnne
008 140525s1991 sp nnnn |||| 00| spa d
040 _bspa
_cES-MaACL
100 1 _aPadilla Novoa, Manuel
_eaut
_988193
245 0 0 _aCiclo de conferencias sobre "El exilio interior"
_h[Grabación sonora] :
_bcon motivo de la publicación de los "Cuadernos de Miguel Alonso"
260 _aMadrid :
_bAteneo de Madrid,
_c1991
300 _a1 casete (ca. 90 min) :
_bson. ;
_c11 cm
490 1 _3Actos culturales en el Ateneo de Madrid
511 _aParticipantes: José Prat, presidente del Ateneo; Juan Sisinio Pérez Garzón, consejero de Cultura y Educación, Junta de Castilla-La Mancha; Ramón de Garciasol, autor; Antonio Buero Vallejo, escritor; Leopoldo de Luis, escritor; Esteban Mate, dtor. Editorial Anthropos
518 _aGrabado el 9 de abril de 1991 en el Salón de Actos del Ateneo de Madrid
520 _aMesa redonda-coloquio sobre "El exilio interior"
540 _aDocumento inédito
594 _5Datos basados en la invitación
600 0 _9236740
_aGullón, Ricardo,
_d1908-1991-
_vHomenajes
610 2 0 _aAteneo de Madrid-
_xActos culturales-
_y1991-
_vGrabaciones sonoras
_9240452
653 _aArchivo de la palabra
655 0 _aConferencias
_9234444
700 1 _993665
_aPrat, José,
_eora
_d1905-1994
700 1 _990901
_aPérez Garzón, Juan Sisinio
_eora
700 1 _aGarciasol, Ramón de,
_d1913-1994
_eora
_9236221
700 1 _932421
_aBuero Vallejo, Antonio,
_eora
_d1916-2000
700 1 _974682
_aLuis, Leopoldo de,
_eora
_d1918-2005
700 0 _978930
_aMate, Esteban
_eora
710 2 _aAteneo de Madrid.
_bSección de Literatura
_91997
830 0 _aActos culturales en el Ateneo de Madrid
_9240237
852 _aES-MaACL
_cDEPOZ
_9205568
942 _2udc
_n0
_cCINTASAUD
999 _c197298
_d197298